000 00489nam a2200169Ia 4500
999 _c35242
_d35242
003 OSt
005 20201214124650.0
008 190216s9999||||xx |||||||||||||| ||und||
040 _coclc
082 _a634.61
_bMEN/T
100 _aMenon, K P V
_97457
245 4 _aThe Coconut Palm /
_cK P V Menon
260 _bIndian Central Coconut Committee,
_c1960.
_aErnamkulam:
300 _a384p
650 _aCoconut Palm
942 _cREF
_2ddc
_h634.61
_iMEN/T
_k634.61
_mMEN/T